[Event "Pinheiros CC-ch"]
[Site "Pinheiros"]
[Date "2019.04.13"]
[Round "2"]
[White "Chiaretti, Flavio Mario"]
[Black "Gansl, Eduardo"]
[Result "1-0"]
[WhiteElo "1854"]
[BlackElo "1460"]
[PlyCount "79"]
[EventDate "2019.04.06"]
[EventType "tourn"]
[EventRounds "11"]
[EventCountry "BRA"]
[SourceTitle "EXT 2020"]
[Source "ChessBase"]
[SourceDate "2019.10.17"]
[SourceVersion "1"]
[SourceVersionDate "2019.10.17"]
[SourceQuality "1"]

1. c4 e6 2. Nc3 d5 3. g3 Nf6 4. Bg2 Bc5 5. Nf3 0-0 6. 0-0 Nbd7 7. d4 Be7 8. c5 c6 9. b4 b6 10. Bf4 Bb7 11. Re1 Qc8 12. Rc1 Bd8 13. Nd2 Re8 14. e4 Nf8 15. e5 N6d7 16. Qg4 f6 17. Nf3 Ng6 18. Qh5 Be7 19. Bh3 Nxf4 20. gxf4 Nf8 21. Kh1 bxc5 22. bxc5 Ba6 23. f5 Bd3 24. fxe6 Nxe6 25. Rg1 Bg6 26. Qg4 f5 27. Qg3 Rf8 28. Nh4 Bxh4 29. Qxh4 Rb8 30. Rb1 Rxb1 31. Rxb1 f4 32. Rb2 Bf5 33. Bxf5 Rxf5 34. Ne2 f3 35. Ng3 Rf4 36. Qe7 Rxd4 37. h3 Nxc5 38. e6 Nxe6 39. Nf5 Rf4 40. Nd6 1-0

[Event "Sao Paulo ECP Etapa Sigismund Gansl"]
[Site "Sao Paulo"]
[Date "2018.05.19"]
[Round "4.16"]
[White "Barros, Roberto Viana Do Re"]
[Black "Gansl, Eduardo"]
[Result "0-1"]
[WhiteElo "1270"]
[BlackElo "1476"]
[PlyCount "72"]
[EventDate "2018.05.18"]
[EventType "swiss"]
[EventRounds "6"]
[EventCountry "BRA"]
[SourceTitle "EXT 2022"]
[Source "ChessBase"]
[SourceDate "2021.10.06"]
[SourceVersion "1"]
[SourceVersionDate "2021.10.06"]
[SourceQuality "1"]

1. d4 Nf6 2. Nf3 d5 3. Bf4 e6 4. e3 Be7 5. Bd3 0-0 6. c3 Nbd7 7. Nbd2 c5 8. Ne5 c4 9. Bc2 Nxe5 10. dxe5 Ne8 11. Qf3 f6 12. Qh3 g6 13. g4 fxe5 14. Bxe5 Bf6 15. Bg3 e5 16. Rf1 e4 17. 0-0-0 Bg5 18. Nxe4 Qe7 19. Nxg5 Qxg5 20. f4 Qxg4 21. Qxg4 Bxg4 22. Rxd5 Nf6 23. Rb5 Rf7 24. f5 Ne8 25. e4 a6 26. Rc5 Rd8 27. Rxc4 Be2 28. Bh4 Bxf1 29. Rc5 Rfd7 30. Bxd8 Rxd8 31. Bb3+ Kg7 32. Bd5 gxf5 33. e5 b6 34. e6 bxc5 35. Bc6 Bb5 36. e7 Rd6 0-1

[Event "Primeira-ch ECP"]
[Site "Sao Paulo"]
[Date "2018.04.07"]
[Round "1.6"]
[White "Van Riemsdijk, Marius Rombout"]
[Black "Gansl, Eduardo"]
[Result "1-0"]
[WhiteElo "1724"]
[BlackElo "1476"]
[PlyCount "83"]
[EventDate "2018.04.07"]
[EventType "tourn"]
[EventRounds "11"]
[EventCountry "BRA"]
[SourceTitle "EXT 2022"]
[Source "ChessBase"]
[SourceDate "2021.10.06"]
[SourceVersion "1"]
[SourceVersionDate "2021.10.06"]
[SourceQuality "1"]

1. e4 e5 2. Nf3 Nc6 3. Bc4 Nf6 4. Ng5 d5 5. exd5 Na5 6. Bb5+ c6 7. dxc6 bxc6 8. Qf3 Qd5 9. Qxd5 Nxd5 10. Ba4 Nb6 11. Bb3 Nxb3 12. axb3 h6 13. Nf3 Bd6 14. d3 Bb7 15. Nc3 Nd7 16. Ne4 Bc7 17. Be3 a6 18. Nc5 Nxc5 19. Bxc5 f6 20. Nh4 Kf7 21. Nf5 Rad8 22. 0-0 Rd5 23. b4 g6 24. Ne3 Rd7 25. Nc4 g5 26. Rfe1 h5 27. Ra3 Re8 28. Nd2 f5 29. f3 Kg6 30. Kf2 h4 31. h3 e4 32. Nf1 Be5 33. dxe4 fxe4 34. Rxe4 Bxb2 35. Rxe8 Bxa3 36. Re6+ Kf7 37. Re5 Kg6 38. Ke2 a5 39. bxa5 Bb2 40. Re6+ Kf5 41. Re4 Rd5 42. Ne3+ 1-0

[Event "Sao Paulo Karman Cup 9th"]
[Site "Sao Paulo"]
[Date "2016.08.06"]
[Round "4"]
[White "Gansl, Eduardo"]
[Black "Funayama S A, Yuri"]
[Result "1-0"]
[WhiteElo "1550"]
[BlackElo "1787"]
[PlyCount "49"]
[EventDate "2016.08.05"]
[EventType "swiss"]
[EventRounds "6"]
[EventCountry "BRA"]
[SourceTitle "CBM 174 Extra"]
[Source "ChessBase"]
[SourceDate "2016.10.10"]
[SourceVersion "1"]
[SourceVersionDate "2016.10.10"]
[SourceQuality "1"]

1. e4 e6 2. d4 d5 3. Nc3 Bb4 4. Nge2 dxe4 5. Be3 Nf6 6. g3 b6 7. a3 Bxc3+ 8. Nxc3 h6 9. Bg2 Bb7 10. Qe2 0-0 11. 0-0-0 Ba6 12. Qe1 Nc6 13. Nxe4 Nxe4 14. Bxe4 Qd7 15. Qc3 Ne7 16. Bxa8 Rxa8 17. b3 Qd6 18. Qb2 Nd5 19. c4 Nxe3 20. fxe3 c5 21. Rhf1 cxd4 22. Rxd4 Qc5 23. b4 Qc7 24. Rg4 Bxc4 25. Qxg7# 1-0

[Event "Sao Paulo ECP A"]
[Site "Sao Paulo"]
[Date "2016.04.16"]
[Round "5.2"]
[White "Gansl, Eduardo"]
[Black "Caribe Santos, Luiz Carlos"]
[Result "0-1"]
[WhiteElo "1567"]
[BlackElo "1548"]
[PlyCount "100"]
[EventDate "2016.03.12"]
[EventType "tourn"]
[EventRounds "11"]
[EventCountry "BRA"]
[SourceTitle "EXT 2022"]
[Source "ChessBase"]
[SourceDate "2021.10.06"]
[SourceVersion "1"]
[SourceVersionDate "2021.10.06"]
[SourceQuality "1"]

1. d4 d5 2. c4 e6 3. Nc3 Nf6 4. Bg5 Be7 5. Nf3 Nbd7 6. Qc2 0-0 7. e4 dxe4 8. Nxe4 Nxe4 9. Bxe7 Qxe7 10. Qxe4 Nf6 11. Qc2 Qb4+ 12. Qd2 Qxd2+ 13. Nxd2 Rd8 14. Nf3 b6 15. Be2 Bb7 16. 0-0-0 Ne4 17. Rhf1 Rd6 18. Ne1 Rad8 19. f3 Nf6 20. Nc2 a5 21. Kb1 Nd7 22. g4 Nb8 23. Rd2 Nc6 24. Rfd1 Ne5 25. f4 Ng6 26. Rf1 c5 27. f5 exf5 28. gxf5 Nf8 29. d5 b5 30. b3 b4 31. Ne3 Ra8 32. Bd1 Bc8 33. Rg2 g6 34. Rff2 Nd7 35. h4 Ne5 36. Bc2 Bd7 37. h5 a4 38. f6 axb3 39. Bxb3 Ba4 40. Nf5 Rda6 41. Bxa4 Rxa4 42. Ne7+ Kf8 43. hxg6 fxg6 44. Re2 Nxc4 45. Rh2 R8a6 46. Rxh7 Rxf6 47. Rh8+ Kg7 48. Rg8+ Kf7 49. Re1 Rf2 50. Rxg6 Raxa2 0-1

[Event "Sao Paulo Esporte CC-B"]
[Site "Sao Paulo"]
[Date "2015.07.04"]
[Round "11"]
[White "Gansl, Eduardo"]
[Black "Bicalho, Rafael Cury"]
[Result "1-0"]
[WhiteElo "1786"]
[BlackElo "1542"]
[PlyCount "27"]
[EventDate "2015.04.11"]
[EventType "tourn"]
[EventRounds "11"]
[EventCountry "BRA"]
[SourceTitle "EXT 2017"]
[Source "ChessBase"]
[SourceDate "2016.10.25"]
[SourceVersion "1"]
[SourceVersionDate "2016.10.25"]
[SourceQuality "1"]

1. e4 e5 2. Nf3 Nc6 3. d4 d5 4. exd5 Qxd5 5. Nc3 Qe6 6. d5 Qf6 7. Bg5 Qg6 8. dxc6 f6 9. Bh4 b6 10. Nxe5 Qf5 11. Nf3 Bb4 12. Bd3 Qc5 13. 0-0 Qxc6 14. Bb5 1-0

[Event "Sao Paulo Esporte CC-B"]
[Site "Sao Paulo"]
[Date "2015.06.27"]
[Round "10"]
[White "Pedote, Paschoal"]
[Black "Gansl, Eduardo"]
[Result "0-1"]
[WhiteElo "1734"]
[BlackElo "1786"]
[PlyCount "56"]
[EventDate "2015.04.11"]
[EventType "tourn"]
[EventRounds "11"]
[EventCountry "BRA"]
[SourceTitle "EXT 2017"]
[Source "ChessBase"]
[SourceDate "2016.10.25"]
[SourceVersion "1"]
[SourceVersionDate "2016.10.25"]
[SourceQuality "1"]

1. e4 e5 2. Nf3 Nc6 3. Nc3 Nf6 4. Bc4 Bc5 5. d3 a6 6. a3 d6 7. h3 Be6 8. Bxe6 fxe6 9. Bg5 0-0 10. 0-0 Ne7 11. Qd2 Ba7 12. Be3 c5 13. b4 b6 14. Ng5 Qd7 15. Ne2 h6 16. Nf3 Ng6 17. c3 Rac8 18. bxc5 bxc5 19. a4 Bb8 20. c4 d5 21. exd5 exd5 22. Qb2 Qc7 23. Qb3 d4 24. Bd2 e4 25. dxe4 Nxe4 26. Qd3 Rxf3 27. Bf4 Nxf4 28. Qxf3 Nxe2+ 0-1

[Event "Sao Paulo Esporte CC-B"]
[Site "Sao Paulo"]
[Date "2015.05.09"]
[Round "3"]
[White "Schutt, Helmut Peter"]
[Black "Gansl, Eduardo"]
[Result "1-0"]
[WhiteElo "1507"]
[BlackElo "1786"]
[PlyCount "95"]
[EventDate "2015.04.11"]
[EventType "tourn"]
[EventRounds "11"]
[EventCountry "BRA"]
[SourceTitle "EXT 2017"]
[Source "ChessBase"]
[SourceDate "2016.10.25"]
[SourceVersion "1"]
[SourceVersionDate "2016.10.25"]
[SourceQuality "1"]

1. e4 e5 2. Nf3 Nc6 3. Bc4 Nf6 4. Ng5 d5 5. exd5 Na5 6. d3 h6 7. Nf3 Nxc4 8. dxc4 Bd6 9. h3 0-0 10. 0-0 a5 11. Be3 e4 12. Nd4 Re8 13. Nc3 Bd7 14. Nde2 c5 15. dxc6 Bxc6 16. Nd5 Bxd5 17. cxd5 Be5 18. c4 Rc8 19. Qb3 Qd7 20. a4 Bd6 21. Rac1 Bc5 22. Nd4 Re5 23. f4 Rh5 24. f5 Bxd4 25. Bxd4 Rxf5 26. Rxf5 Qxf5 27. Rf1 Qg5 28. Bxf6 gxf6 29. Re1 f5 30. Re3 Kh7 31. Re1 Rg8 32. Qc2 e3 33. Re2 Kh8 34. Qc3+ f6 35. Qxe3 f4 36. Qf3 Qf5 37. Kh2 Rg3 38. Qe4 Qg5 39. Qe8+ Qg8 40. Qxg8+ Kxg8 41. Rf2 Rb3 42. Rxf4 Rxb2 43. Rxf6 Rc2 44. Rf4 Kg7 45. d6 Rd2 46. c5 Kg6 47. h4 Rc2 48. Rd4 1-0

[Event "Sao Paulo Pinheros"]
[Site "Sao Paulo"]
[Date "2014.03.22"]
[Round "2"]
[White "Gansl, Eduardo"]
[Black "Caribe Santos, Luiz Carlos"]
[Result "1/2-1/2"]
[WhiteElo "1800"]
[BlackElo "1606"]
[PlyCount "128"]
[EventDate "2014.03.15"]
[EventType "tourn"]
[EventRounds "11"]
[EventCountry "BRA"]
[SourceTitle "EXT 2015"]
[Source "ChessBase"]
[SourceDate "2014.11.20"]
[SourceVersion "1"]
[SourceVersionDate "2014.11.20"]
[SourceQuality "1"]

1. e4 c5 2. Nf3 d6 3. d4 cxd4 4. Nxd4 Nf6 5. Nc3 a6 6. Be3 e6 7. Qd2 Be7 8. Be2 0-0 9. g4 e5 10. Nf5 Bxf5 11. gxf5 b5 12. Rg1 g6 13. Bg5 Nbd7 14. Bf3 Rc8 15. h4 Kh8 16. Rg2 Rg8 17. Ke2 b4 18. Na4 Qa5 19. b3 Qb5+ 20. Ke1 Qc6 21. Qxb4 Qxc2 22. Rc1 Qxa2 23. Nc3 a5 24. Nxa2 Rxc1+ 25. Kd2 axb4 26. Kxc1 Rc8+ 27. Kb1 Ng8 28. Nxb4 Bxg5 29. hxg5 Rb8 30. Nd3 Rxb3+ 31. Kc2 Ra3 32. f6 Nb8 33. Bg4 Nc6 34. Kd2 Nd4 35. Rg1 Ra2+ 36. Ke3 Nc2+ 37. Kf3 Nd4+ 38. Kg2 Rd2 39. Rd1 Rxd1 40. Bxd1 h6 41. f4 exf4 42. Nxf4 hxg5 43. Nd5 Nh6 44. Kf2 Ne6 45. Ne3 Kg8 46. Nc4 Nc5 47. Nxd6 Kf8 48. Kf3 Ng8 49. e5 Ne6 50. Ba4 Nh6 51. Ne4 Nf5 52. Bd7 Nfd4+ 53. Kg4 Ne2 54. Bxe6 fxe6 55. Nxg5 Nd4 56. Ne4 Nc6 57. Kf4 Nd8 58. Kg5 Nf7+ 59. Kf4 Ke8 60. Nd6+ Kf8 61. Nxf7 Kxf7 62. Kg5 Kf8 63. Kxg6 Kg8 64. f7+ Kf8 1/2-1/2